000 00637nam a22002297a 4500
003 UA-OsUOA
001 29688
007 ta
008 20041025b un ||||| |||| 00| 0 ukr d
090 _a82.09
_bФ83
942 _cBK
040 _aUA-OsUOA
_bukr
_cUA-OsUOA
_dUA-OsUOA
245 _aІ. Франко й франкіяна на заході
_bСтатті й матеріали з приводу століття 1856-1956
_cРед. Яр.Рудницького
300 _a230 с.
955 _a0
041 _aukr
080 _a82.09
260 _aВінніпег
_c1957
044 _aCA
650 7 _2UDC
999 _c316084
_d316084